| 000 | 00603nam a2200229Ia 4500 | ||
|---|---|---|---|
| 003 | OSt | ||
| 005 | 20221005070302.0 | ||
| 006 | a|||||r|||| 00| 0 | ||
| 007 | ta | ||
| 008 | 221004b |||||||| |||| 00| 0 kan d | ||
| 024 | _a59425 | ||
| 037 | _cTextual | ||
| 040 |
_aCRL _cCRL _bkan |
||
| 041 |
_2kan _akan |
||
| 082 | _aO33:gx, L3 | ||
| 100 |
_aRao G Varadarja Au. _9605552 |
||
| 245 | 0 | _aSahitya sannidhya | |
| 260 |
_aMysore _bUsha Shaitya India _c1973 |
||
| 650 | _aKANNAD LITERATURE | ||
| 942 |
_hO33:gx, L3 _cTEXL _2cc |
||
| 999 |
_c975985 _d975985 |
||